1806 1902 1897 1182 1737 1905 1695 1926 1207 1077 1087 1985 1659 1334 1646 1448 1022 1616 1797 1193 1622 1163 1332 1950 1744 1235 1861 1354 1589 1064 1458 1686 1863 1400 1099 1194 1692 1039 1447 1564 1016 1023 1018 1396 1065 1841 1973 1004 1828 1495 1999 1649 1046 1715 1677 1686 1077 1569 1086 1703 1426 1676 1069 1234 1084 1824 1418 1773 1160 1960 1766 1529 1355 1938 1063 1593 1183 1888 1949 1150 1851 1114 1447 1735 1375 1444 1341 1983 1071 1137 1561 1624 1999 1998 1634 1979 1123 1754 1982 BCNSPRNW ULIB Ver.6.0+V

เปลี่ยนเป็นภาษาไทย

Change to English
 แสดงรายละเอียดบรรณานุกรม
  กลับหน้าหลัก

Brief Record : Get Marc (ISO 2709) : E-mail record : QR code < ปิดหน้าต่าง
LEADER : 00000nam 2200000uu 4500
001    13399126116
003     ULIB
008    180611s2014||||th 000 0 tha d
020    ^a9781438076126 (book with audio CD)^c600.00
050  0 ^aPE3235^bL735B
100 1  ^aLougheed, Lin
245 10 ^aBarron The Leader in Test Preparation IELTS International English Language Testing System[sound recording] /^cLin Lougheed
246 30 ^aThe Leader in Test Preparation IELTS
250    ^a4Th ed.
260    ^aHauppauge, N.Y. :^bBarron Educational Series,^c2016
300    ^a1audio CD :^bsd.,col ;^c4 3/4 in.^e1book (379 p.)
490 0  ^aIELTS Superpack
590    ^aPurchase-E-17
650  0 ^aInternational English Language Testing System^vStudy guides
650  0 ^aEnglish language^vTextbooks for foreign speakers
650  0 ^aEnglish language^xExaminations^vStudy guides
650  0 ^aVocabulary^xExaminations^vStudy guides
850    ^aPSUCL
945    ^p600^l0^i004202
945    ^p600^l0^i004203
999    ^aวรรณษา ชูชัยมงคล
รายการนี้ยังไม่มีแท็ก
คุณยังไม่ได้ล็อกอิน คุณสามารถมีกิจกรรมร่วมกับเว็บไซต์ได้ แต่ต้องล็อกอินก่อน ::
  ล็อกอิน

รายการสื่อสารสนเทศ

ลำดับที่ ประเภท เลขเรียก/บาร์โค้ด สถานที่ สถานะ
1. วิทยาศาสตร์การแพทย์ และสุขภาพ
หนังสือสำรอง
สถานะ=หนังสือสำรอง
PE3235 L735B ฉ.1 
  Barcode: 004202
ห้องสมุดวิทยาเขตนครสวรรค์
►นวนิยาย:l:Fiction
บนชั้น
2. วิทยาศาสตร์การแพทย์ และสุขภาพ
วิทยาศาสตร์การแพทย์ และสุขภาพ
PE3235 L735B ฉ.2 
  Barcode: 004203
ห้องสมุดวิทยาเขตนครสวรรค์
►นวนิยาย:l:Fiction
ถูกยืม กำหนดส่งวันที่ 6 กุมภาพันธ์ 2569
  จอง

รายการใกล้เคียง
    ผู้แต่ง [Lougheed, Lin]

BibComment


ยังไม่เคยถูกคอมเมนท์

คอมเมนท์ทรัพยากรรายการนี้
  คอมเมนท์: Barron The Leade..


 Copyright 2026. Bcnsprnw @Library